Giáo trình cơ kỹ thuật : (Dùng trong các trường THCN)
Giáo trình gồm 3 phần với 18 chương trình bày các vấn đề về cơ học vật rắn tuyệt đối, cơ học vật rắn biến dạng, nguyên lý máy
Zapisane w:
| 1. autor: | |
|---|---|
| Format: | Książka |
| Język: | Undetermined |
| Wydane: |
Hà Nội
Nhà xuất bản Hà Nội
2005
|
| Hasła przedmiotowe: | |
| Etykiety: |
Dodaj etykietę
Nie ma etykietki, Dołącz pierwszą etykiete!
|
| Thư viện lưu trữ: | Trung tâm Học liệu Trường Đại học Cần Thơ |
|---|
| LEADER | 00826nam a2200217Ia 4500 | ||
|---|---|---|---|
| 001 | CTU_95198 | ||
| 008 | 210402s9999 xx 000 0 und d | ||
| 020 | |c 25000 | ||
| 082 | |a 620.1 | ||
| 082 | |b T527 | ||
| 100 | |a Nguyễn, Quang Tuyến | ||
| 245 | 0 | |a Giáo trình cơ kỹ thuật : | |
| 245 | 0 | |b (Dùng trong các trường THCN) | |
| 245 | 0 | |c Nguyễn Quang Tuyến | |
| 260 | |a Hà Nội | ||
| 260 | |b Nhà xuất bản Hà Nội | ||
| 260 | |c 2005 | ||
| 520 | |a Giáo trình gồm 3 phần với 18 chương trình bày các vấn đề về cơ học vật rắn tuyệt đối, cơ học vật rắn biến dạng, nguyên lý máy | ||
| 650 | |a Mechanics, applied | ||
| 904 | |i Minh | ||
| 980 | |a Trung tâm Học liệu Trường Đại học Cần Thơ | ||